00823nmc a2200277 a 4500003000900000005001700009008004100026040001300067100002400080245003800104260003300142300002000175490003900195500004200234650002000276650002900296650002800325650001700353650003100370650002500401650002400426650002500450650003100475651001400506653002500520AR-BaBNM20251128203658.0011101s1981 ||||||||||||||000 | spa|| cAR-BaBNM1 aZanotti, Luis Jorge10aLos objetivos de la escuela media aBuenos AiresbKapeluszc1981 a77 p.bgráfs. 0aBiblioteca de cultura pedagógica aReferencias bibliográficas: p.75-77 4aESCUELAS MEDIAS 4aHISTORIA DE LA EDUCACION 4aOBJETIVOS EDUCACIONALES 4aADOLESCENCIA 4aPSICOLOGIA DEL ADOLESCENTE 4aESCUELAS SECUNDARIAS 4aMETAS EDUCACIONALES 4aEDUCACION PERMANENTE 4aSOCIOLOGIA DE LA EDUCACION 4aArgentina aEDUCACION SECUNDARIA